000
00251nam a22001217a 4500
003
SGT
082
_a
823
_b
DES
100
_a
DESSEN SARAH
245
_a
ALONG FOR THE RIDE
260
_a
LONDON
_b
PENGUIN PUB
_c
2009
300
_a
424
942
_2
ddc
_c
BK
999
_c
33609
_d
33609